50 High-impact speeches and remarks : proven words you can adapt for any business occasion.
| Main Author: | |
|---|---|
| Format: | Book |
| Published: |
New York:
McGraw Hill,
2004.
|
| Subjects: |
| LEADER | 00456cam a2200145 7i4500 | ||
|---|---|---|---|
| 001 | 0000016602 | ||
| 005 | 20051215090000.0 | ||
| 020 | 0 | 0 | |a 0-07-142194-7 |
| 090 | 0 | 0 | |a B 815.508 |b KAD |
| 100 | 1 | 0 | |a Kador |
| 245 | 1 | 0 | |a 50 High-impact speeches and remarks : |b proven words you can adapt for any business occasion. |
| 260 | 0 | 0 | |a New York: |b McGraw Hill, |c 2004. |
| 300 | # | # | |a 280 p. |
| 650 | 0 | 0 | |a Speeches, addresses, etc |
| 999 | |a B000017861 |b Book |c Book |e Business Information Centre | ||


